Municipios españoles más poblados que comienzan con I - Estadísticas

Estadísticas generales
  • Esta prueba ha sido intentada 478 veces
  • La puntuación promedio es 5 de 12
Estadísticas de respuestas
Población Municipio Comunidad % Correcto
62.853 Irún País Vasco
90%
51.872 Ibiza Baleares
80%
206.233 Iruña (Pamplona) Navarra
74%
34.459 Inca Baleares
44%
31.319 Illescas Castilla-La Mancha
43%
41.287 Igualada Cataluña
36%
21.724 Isla Cristina Andalucía
23%
24.117 Icod de los Vinos Canarias
19%
6.367 Íscar Castilla y León
18%
32.356 Ingenio Canarias
13%
9.934 Íllora Andalucía
7%
5.751 Isla Mayor Andalucía
6%
No se encontraron pruebas coincidentes
Distribución de puntuación
Porcentaje de gente con cada puntuación
Porcentaje por número respondido
Historial de tus puntuaciones
No has intentado esta prueba.